000 00858nam a22002057a 4500
005 20240530110913.0
008 220209s2007 ua a b 000 0 ara d
017 _bمصر. دار الكتب
040 _aEG-CaGPL
_cEG-CaGPL
082 0 4 _221
_a418.24 /
_bج ب
100 0 _aجميل عبدالمجيد
245 _aالبيان فى تعليم اللغة العربية لغير الناطقين بيها المستوى الاول /
_cجميل عبدالمجيد
250 _aط.1
260 _aالقاهرة :
_bدار غريب للطباعة والنشر والتوزيع،
_c2007
300 _a266 ص؛
_c24 سم
650 0 7 _2qrmak
_aاللغة العربية تعليم وتدريس للاجانب
650 0 7 _2qrmak
_aاللغة العربية تعليم وتدريس
942 _2ddc
_cBK
999 _c66354
_d66354